Ensayo sobre el gusto

Uloženo v:
Podrobná bibliografie
Hlavní autor: Montesquieu, Charles Louis de Secondat, Barón de (autor)
Médium: Kniha
Jazyk:španělština
Vydáno: Buenos Aires Libros del Zorzal 2006
Vydání:1a. ed
Edice:Trazos
Témata:
Tagy: Přidat tag
Žádné tagy, Buďte první, kdo vytvoří štítek k tomuto záznamu!

MARC

LEADER 00000cam a2200000 a 4500
001 UCF1552
003 CL-VaPUC
008 120711e20060000AG |||||||||||||||||spa|d
020 |a 9875990051 
082 0 4 |a 111.85  |b MON  |2 21 
100 |a Montesquieu, Charles Louis de Secondat, Barón de  |e autor  |9 515729 
245 1 0 |a Ensayo sobre el gusto 
250 |a 1a. ed 
300 |a 93 p 
942 |c BK 
945 |d 20120711 00:00:00  |a cmena 
260 |a Buenos Aires  |b Libros del Zorzal  |c 2006 
650 0 |a Filosofía del espíritu  |9 320175 
650 0 |a Estética   |9 264950 
650 0 |a Artes  |9 268202 
650 0 |a Filosofía francesa   |9 255698 
650 0 |a Ensayos franceses  |9 265511 
583 |a last modification  |c 20120711 16:46:00  |k Rodrigo Vera 
490 0 |a Trazos 
999 |c 348279  |d 348277 
952 |0 0  |1 0  |4 0  |6 111_850000000000000_MON_2006  |7 0  |8 A  |9 450240  |a BIBART  |b BIBART  |d 2019-11-22  |i 488213K  |o 111.85 MON 2006  |p 488213K  |r 2025-03-13  |w 2019-11-22  |y BK  |k ART